| LDR | | 02057cmm u2200493Ii 4500 |
| 001 | | 000000314536 |
| 003 | | OCoLC |
| 005 | | 20230525164733 |
| 006 | | m d |
| 007 | | cr cnu---unuuu |
| 008 | | 190220s2019 ne o 100 0 eng d |
| 020 | |
▼a 9781614999416
▼q (electronic bk.) |
| 020 | |
▼a 1614999414
▼q (electronic bk.) |
| 020 | |
▼z 9781614999409 |
| 035 | |
▼a 2030800
▼b (N$T) |
| 035 | |
▼a (OCoLC)1086375620 |
| 040 | |
▼a N$T
▼b eng
▼e rda
▼e pn
▼c N$T
▼d IOSPR
▼d N$T
▼d 248032 |
| 049 | |
▼a MAIN |
| 050 | 4 |
▼a QA76.9.D32 |
| 072 | 7 |
▼a COM
▼x 021000
▼2 bisacsh |
| 082 | 04 |
▼a 005.74
▼2 23 |
| 111 | 2 |
▼a International Baltic Conference on Databases and Information Systems
▼n (13th :
▼d 2018 :
▼c Trakai, Lithuania) |
| 245 | 10 |
▼a Databases and information systems X :
▼b selected papers from the thirteenth International Baltic Conference, DB&IS 2018 /
▼c edited by Audrone Lupeikiene, Olegas Vailecas, and Gintautas Dzemyda.
▼h [electronic resource] |
| 246 | 3 |
▼a Databases and information systems 10 |
| 260 | 1 |
▼a Amsterdam, Netherlands :
▼b IOS Press,
▼c 2019. |
| 300 | |
▼a 1 online resource. |
| 336 | |
▼a text
▼b txt
▼2 rdacontent |
| 337 | |
▼a computer
▼b c
▼2 rdamedia |
| 338 | |
▼a online resource
▼b cr
▼2 rdacarrier |
| 490 | 1 |
▼a Frontiers in artificial intelligence and applications ;
▼v volume 315 |
| 588 | 0 |
▼a Online resource; title from PDF title page (IOS Press, viewed February. 22, 2019). |
| 590 | |
▼a Master record variable field(s) change: 072 |
| 650 | 0 |
▼a Databases
▼v Congresses. |
| 650 | 0 |
▼a Computer networks
▼v Congresses. |
| 650 | 0 |
▼a Information technology
▼v Congresses. |
| 650 | 7 |
▼a COMPUTERS / Databases / General.
▼2 bisacsh |
| 655 | 4 |
▼a Electronic books. |
| 700 | 1 |
▼a Lupeikiene, Audrone,
▼e editor. |
| 700 | 1 |
▼a Vasilecas, Olegas,
▼e editor. |
| 700 | 1 |
▼a Dzemyda, Gintautas,
▼e editor. |
| 830 | 0 |
▼a Frontiers in artificial intelligence and applications ;
▼v v. 315. |
| 856 | 40 |
▼3 EBSCOhost
▼u http://search.ebscohost.com/login.aspx?direct=true&scope=site&db=nlebk&db=nlabk&AN=2030800 |
| 938 | |
▼a EBSCOhost
▼b EBSC
▼n 2030800 |
| 990 | |
▼a 관리자 |
| 994 | |
▼a 92
▼b N$T |